Thermoplastic elastomers: Blends of natural, rubber/polystyrene (Record no. 52351)

MARC details
000 -LEADER
fixed length control field 00612nam a2200181Ia 4500
100 ## - MAIN ENTRY--AUTHOR NAME
Personal name Asaletha R.
245 #0 - TITLE STATEMENT
Title Thermoplastic elastomers: Blends of natural, rubber/polystyrene
260 ## - PUBLICATION, DISTRIBUTION, ETC. (IMPRINT)
Name of publisher Proceedings of the International Conference on Rubbers, 12-14 December 1997, Indian Institute of Technology, Calcutta, India, V 1. pp. 53-56.
Year of publication 1997
650 ## - SUBJECT ADDED ENTRY--TOPICAL TERM
Topical Term Blend
650 ## - SUBJECT ADDED ENTRY--TOPICAL TERM
Topical Term Mechanical property
650 ## - SUBJECT ADDED ENTRY--TOPICAL TERM
Topical Term Natural rubber
650 ## - SUBJECT ADDED ENTRY--TOPICAL TERM
Topical Term Polystyrene
650 ## - SUBJECT ADDED ENTRY--TOPICAL TERM
Topical Term Thermoplastic elastomer
700 ## - ADDED ENTRY--PERSONAL NAME
Personal name Kumaran M.G.
700 ## - ADDED ENTRY--PERSONAL NAME
Personal name Thomas S.
942 ## - ADDED ENTRY ELEMENTS (KOHA)
Koha item type Bibliography STAF
Holdings
Withdrawn status Lost status Damaged status Not for loan Home library Current library Date acquired Koha item type
      Bibliography RRII Library RRII Library 09/04/2014 Bibliography STAF